Word Ladder: The Gambler Quiz Stats

 Plays Quiz Updated Nov 26, 2017

Challenge
Share
Tweet
Embed
Score 0/69 Timer 07:00
0 Plays Today
Hint 4-Letter Word % Correct
Winter precipitation SNOW
97.7%
♠ Sketch a picture ♠DRAW
97.3%
Black cawing birdCROW
96.8%
Barrymore or Carey, e.g.DREW
95.7%
♠ Exhibition ♠SHOW
95.5%
Road work teamCREW
94.3%
Prison roomCELL
94%
HairlessBALD
93.8%
♠ Have information ♠KNOW
93.6%
Army mealCHOW
92.8%
♠ Finger location ♠HAND
92.6%
♠ Start phone conversation ♠CALL
92.2%
Egyptian riverNILE
92%
SphereBALL
91.7%
DiscoverFIND
91.5%
Instrumental groupBAND
91.4%
Insect or bird cropCRAW
90.9%
Strike with footKICK
90.8%
Small dent in car doorDING
90.6%
Eat (formally)DINE
90.3%
DifficultHARD
90.3%
McCartney or Revere, e.g.PAUL
90.3%
Break into computer systemHACK
89.6%
Monetary penaltyFINE
89.2%
Aged between 12 and 20TEEN
88.9%
Untidy heapPILE
88.9%
♠ Paper birthday greeting ♠CARD
88.8%
♠ Eight follower ♠NINE
88.3%
Listen! to herald angelsHARK
88.2%
MaizeCORN
88.2%
Lacking colorPALE
87.9%
MasticateCHEW
87.6%
AilingSICK
87.4%
♠ Nicholson or Kérouac ♠JACK
87.3%
Leap headfirstDIVE
87.1%
Hint 4-Letter Word % Correct
♠ Male sovereign ♠KING
87.1%
RippedTORN
87%
Burlap bagSACK
87%
Lemony tasteSOUR
86.8%
♠ Not us ♠THEM
86.5%
NutritionFOOD
86.5%
♠ Ship's floor ♠DECK
86.3%
Not nowTHEN
86.2%
Israel's first kingSAUL
86.1%
Athletic typeJOCK
85.9%
Gospel + R&B musicSOUL
85.8%
♠ Cloth crease ♠[TO] FOLD
85.6%
♠ 4th journalistic question ♠WHEN
85.4%
Flexible wireCORD
85.4%
IdiotFOOL
85.2%
Hart companionHIND
85.2%
♠ Act of praise: High ___FIVE
84.8%
Affectionate, lovingFOND
84.4%
Funeral clothPALL
84.3%
Furry fungal growth (US sp.)MOLD
84.2%
Slender seabirdTERN
83.7%
Mild expletiveHECK
83.7%
Mooring structureDOCK
83.3%
State of mind or feelingMOOD
82.5%
Expression of reliefWHEW!
82.4%
Dave or Ray Davies, e.g.KINK
82.3%
Fruit rindPEEL
81%
Vile, disgustingFOUL
78.4%
♠ 'Divergent' character ♠FOUR
75.9%
Small, wooded valleyDELL
72%
Bell soundPEAL
72%
♠ Sell, buy, or trade ♠DEAL
71%
Rounded hammer endPEEN
67.1%
Alt rock 'Voodoo Lady' bandWEEN
65.4%

Today's Daily Dose

Word Ladder
Bruno Mars Song

Get the Picture
Japanese Cars

You're not logged in!

Compare scores with friends on all Sporcle quizzes.
OR
Log In

You Might Also Like...

Show Comments

Extras

Top Quizzes Today


Score Distribution

Your Account Isn't Verified!

In order to create a playlist on Sporcle, you need to verify the email address you used during registration. Go to your Sporcle Settings to finish the process.

Report this User

Report this user for behavior that violates our Community Guidelines.

Details: